[Event "Mazowiecki Festiwal Szachowy - gr. B"]
[Site "Warszawa/Fundacja na rzecz Wsp"]
[Date "2008.08.03"]
[Round "3.15"]
[White "Gumula, Daniel"]
[Black "Staniszewski, Piotr"]
[Result "1-0"]
[WhiteElo "2277"]
[BlackElo "2416"]
[PlyCount "91"]
[EventDate "2008.??.??"]

1. e4 e5 2. Nf3 Nc6 3. Bb5 a6 4. Ba4 Nf6 5. Qe2 Be7 6. c3 b5 7. Bb3 O-O 8. d4
d6 9. Nbd2 Re8 10. O-O exd4 11. cxd4 Bg4 12. Qe3 Bf8 13. e5 dxe5 14. dxe5 Nd5
15. Qe4 Be6 16. Rd1 Nce7 17. Nf1 c6 18. Ng3 Qb6 19. h4 Rad8 20. h5 c5 21. Ng5
g6 22. hxg6 hxg6 23. Qh4 Bg7 24. Qh7+ Kf8 25. N5e4 Ng8 26. Bxd5 Bxd5 27. Be3
Bxe4 28. Nxe4 Rxd1+ 29. Rxd1 Rxe5 30. Nxc5 Rxc5 31. b4 Rh5 32. Qxh5 Qxe3 33.
fxe3 gxh5 34. Rd8+ Ke7 35. Rxg8 Bc3 36. Ra8 Bxb4 37. Rxa6 h4 38. Kf2 Bd6 39.
Kf3 b4 40. Kg4 Bg3 41. Rb6 Be1 42. Kf5 Bc3 43. Rb7+ Ke8 44. e4 Kf8 45. e5 Ke8
46. Kf6 1-0

[Event "Mazowiecki Festiwal Szachowy - gr. B"]
[Site "Warszawa/Fundacja na rzecz Wsp"]
[Date "2008.08.03"]
[Round "3.25"]
[White "Protaziuk, Grzegorz"]
[Black "Charleshouse, Glenn L"]
[Result "1-0"]
[WhiteElo "2328"]
[BlackElo "2202"]
[PlyCount "78"]
[EventDate "2008.??.??"]

1. e4 c5 2. d4 e6 3. d5 exd5 4. exd5 d6 5. c4 Nf6 6. Nc3 Be7 7. Bd3 O-O 8. Nge2
Nbd7 9. b3 Ne5 10. Bc2 a6 11. O-O Re8 12. Ng3 b5 13. f4 Ned7 14. Nf5 b4 15. Ne2
Bf8 16. Nfg3 g6 17. h3 Bg7 18. Rb1 h5 19. f5 h4 20. Nh1 Ne4 21. fxg6 fxg6 22.
Bxe4 Rxe4 23. Qd3 Qe8 24. Nf4 Bd4+ 25. Nf2 Ne5 26. Qxe4 Bf5 27. Qe2 Bxb1 28.
Be3 Bxe3 29. Qxe3 Bf5 30. Ne4 Qe7 31. Ne6 Bxe6 32. dxe6 Qxe6 33. Qh6 Nf7 34.
Qxh4 Kg7 35. Rf6 Qe5 36. Qg4 Qd4+ 37. Kh1 Qa1+ 38. Kh2 Ne5 39. Qe6 Qd4 1-0

[Event "Mazowiecki Festiwal Szachowy - gr. B"]
[Site "Warszawa/Fundacja na rzecz Wsp"]
[Date "2008.08.03"]
[Round "3.45"]
[White "Winski, Lukasz"]
[Black "Warakomska, Anna"]
[Result "1/2-1/2"]
[WhiteElo "2045"]
[BlackElo "2211"]
[PlyCount "132"]
[EventDate "2008.??.??"]

1. e4 e5 2. Nf3 Nc6 3. Bb5 a6 4. Ba4 Nf6 5. Qe2 b5 6. Bb3 Be7 7. c3 O-O 8. a4
Bb7 9. O-O b4 10. d4 exd4 11. e5 d3 12. Qxd3 Ne8 13. Rd1 d6 14. e6 fxe6 15.
Bxe6+ Kh8 16. Nbd2 bxc3 17. bxc3 Nf6 18. Nc4 Qe8 19. Re1 Rd8 20. Bg5 Qh5 21. h4
h6 22. Rab1 Ba8 23. Bf5 Ne5 24. Nfxe5 dxe5 25. Qg3 Bd6 26. Bxf6 Rxf6 27. Nxd6
cxd6 28. Be4 Bxe4 29. Rxe4 Qf5 30. f3 Rg6 31. Qf2 Rf8 32. Kf1 d5 33. Reb4 e4
34. Rb8 Rgf6 35. Rxf8+ Rxf8 36. Rb6 exf3 37. gxf3 Qxf3 38. Qxf3 Rxf3+ 39. Kg2
Rf4 40. Rb4 Rc4 41. a5 Rxc3 42. Rb6 Ra3 43. Rxa6 d4 44. Rd6 Rxa5 45. Rxd4 Ra3
46. Rd6 Kh7 47. Rb6 Ra5 48. Kg3 Rf5 49. Kg4 Rf6 50. Rb7 Ra6 51. Rc7 Kg6 52. Rb7
Kf6 53. Rb8 g6 54. Rb5 Ra4+ 55. Kg3 Re4 56. Rb6+ Re6 57. Rb5 Re5 58. Rb6+ Kf5
59. h5 gxh5 60. Rxh6 Kg5 61. Ra6 Re3+ 62. Kh2 Re4 63. Kh3 Re5 64. Rb6 h4 65.
Rb8 Re3+ 66. Kh2 Re4 1/2-1/2

[Event "Mazowiecki Festiwal Szachowy - gr. B"]
[Site "Warszawa/Fundacja na rzecz Wsp"]
[Date "2008.08.03"]
[Round "3.18"]
[White "Janczarski, Michal"]
[Black "Gritsak, Orest"]
[Result "1/2-1/2"]
[WhiteElo "2238"]
[BlackElo "2522"]
[PlyCount "66"]
[EventDate "2008.08.03"]

1. c4 Nf6 2. g3 e6 3. Nf3 d5 4. Bg2 dxc4 5. Qa4+ c6 6. Qxc4 b5 7. Qc2 Bb7 8.
Nc3 Nbd7 9. a4 Rc8 10. d3 a6 11. O-O Be7 12. Be3 O-O 13. Nd2 Nd5 14. Nxd5 cxd5
15. Qb3 Nc5 16. Bxc5 Rxc5 17. d4 Rc6 18. Nf3 Qb6 19. Ne5 Rc7 20. e3 Rfc8 21.
Bf3 Bd6 22. Nd3 b4 23. Be2 a5 24. Ne1 Bc6 25. Bd3 g6 26. Nf3 Be8 27. h4 Kg7 28.
Kg2 f6 29. Rfe1 Bf7 30. Qd1 h6 31. Re2 g5 32. Rc2 Rxc2 33. Bxc2 Qc7 1/2-1/2

[Event "Mazowiecki Festiwal Szachowy - gr. B"]
[Site "Warszawa/Fundacja na rzecz Wsp"]
[Date "2008.08.04"]
[Round "3.19"]
[White "Brodowski, Piotr"]
[Black "Czarnota, Dorota"]
[Result "1-0"]
[WhiteElo "2424"]
[BlackElo "2229"]
[PlyCount "75"]
[EventDate "2008.08.04"]

1. Nf3 d5 2. c4 c6 3. Qc2 Nf6 4. b3 Bg4 5. Bb2 e6 6. e3 Nbd7 7. Be2 Be7 8. d3
Qb6 9. Nbd2 O-O 10. h3 Bxf3 11. Bxf3 Rfd8 12. O-O Rac8 13. Rad1 a5 14. a3 e5
15. Rc1 d4 16. e4 c5 17. g3 Qe6 18. Bg2 Nh5 19. Rce1 Bd6 20. Qd1 g6 21. Bc1 Nb8
22. Nf3 Nc6 23. Ng5 Qd7 24. a4 f6 25. Nf3 Kh8 26. Nh4 Rc7 27. Bf3 Ng7 28. Bg4
Qe8 29. f4 Rcd7 30. Ng2 Nb4 31. f5 g5 32. h4 h6 33. hxg5 hxg5 34. Kf2 Kg8 35.
Rh1 Kf7 36. Rh6 Qe7 37. Reh1 Kf8 38. Bxg5 1-0

[Event "Mazowiecki Festiwal Szachowy - gr. B"]
[Site "Warszawa/Fundacja na rzecz Wsp"]
[Date "2008.08.03"]
[Round "3.21"]
[White "Przedmojski, Rafal"]
[Black "Saeed, Ishaq"]
[Result "1-0"]
[WhiteElo "2397"]
[BlackElo "2219"]
[PlyCount "83"]
[EventDate "2008.08.03"]

1. d4 d5 2. c4 c6 3. Nf3 Nf6 4. Qc2 dxc4 5. Qxc4 Bf5 6. Nc3 e6 7. g3 Nbd7 8.
Bg2 Be7 9. O-O O-O 10. e3 b5 11. Qe2 b4 12. Na4 Qa5 13. b3 Qb5 14. Re1 Rac8 15.
Bb2 Bd3 16. Qd1 Rfd8 17. Rc1 Ne4 18. Ba1 Qa6 19. Nd2 Nxd2 20. Qxd2 Bb5 21. Bf1
Ne5 22. Qd1 Nd3 23. Bxd3 Bxd3 24. Nc5 Bxc5 25. Rxc5 Rd5 26. e4 Rxc5 27. dxc5 f6
28. Qg4 Kf7 29. Qh5+ Kg8 30. Qh3 f5 31. exf5 Bxf5 32. g4 Bg6 33. Qe3 Re8 34.
Qe5 Qb7 35. h4 Qf7 36. h5 Bc2 37. Qb2 Bd3 38. Re3 Rd8 39. Rxe6 Rd7 40. Qe5 Rd8
41. Re7 Qf8 42. Rxg7+ 1-0

[Event "Mazowiecki Festiwal Szachowy - gr. B"]
[Site "Warszawa/Fundacja na rzecz Wsp"]
[Date "2008.08.03"]
[Round "3.27"]
[White "Stoma, Pawel"]
[Black "Barwinski, Dionizy"]
[Result "1-0"]
[WhiteElo "2294"]
[BlackElo "2183"]
[PlyCount "95"]
[EventDate "2008.08.03"]

1. e4 c6 2. Nf3 d5 3. Nc3 dxe4 4. Nxe4 Bf5 5. Ng3 Bg6 6. h4 h6 7. Ne5 Qd6 8. d4
Nd7 9. Nxg6 Qxg6 10. Bf4 Ngf6 11. c4 e5 12. Bd3 Bb4+ 13. Kf1 Qg4 14. Bxe5 Nxe5
15. dxe5 Qxd1+ 16. Rxd1 Ng4 17. a3 Ba5 18. b4 Bc7 19. Re1 O-O 20. f4 Rad8 21.
Bf5 h5 22. Nxh5 Nh6 23. Bc2 Rd4 24. Re4 Rd2 25. Re2 Rd4 26. c5 a5 27. Rh3 Kh8
28. Rd3 Rxd3 29. Bxd3 Rd8 30. Bc2 axb4 31. axb4 Rd4 32. Re4 Rd2 33. Bb3 Rb2 34.
Bxf7 Bd8 35. Bg6 Rb1+ 36. Ke2 Bxh4 37. g3 Be7 38. Rd4 Rb2+ 39. Kd1 Ng8 40. Bc2
Ra2 41. Rd7 Ra1+ 42. Kd2 Rh1 43. Bg6 b6 44. cxb6 Bxb4+ 45. Kc2 Rh2+ 46. Kb3 Bc5
47. b7 Ba7 48. Rd8 1-0

[Event "Mazowiecki Festiwal Szachowy - gr. B"]
[Site "Warszawa/Fundacja na rzecz Wsp"]
[Date "2008.08.03"]
[Round "3.28"]
[White "Moskwinski, Tadeusz"]
[Black "Worek, Joanna"]
[Result "0-1"]
[WhiteElo "2161"]
[BlackElo "2293"]
[PlyCount "52"]
[EventDate "2008.08.03"]

1. e4 c5 2. Nf3 d6 3. d4 cxd4 4. Nxd4 Nf6 5. Nc3 a6 6. Be3 e5 7. Nb3 Be6 8. f3
Be7 9. Qd2 O-O 10. O-O-O Nbd7 11. g4 b5 12. g5 b4 13. Ne2 Ne8 14. h4 a5 15. Kb1
a4 16. Nbc1 b3 17. cxb3 axb3 18. a3 d5 19. exd5 Bf5+ 20. Nd3 Nd6 21. Rc1 e4 22.
fxe4 Nxe4 23. Qd1 Bxa3 24. bxa3 Rxa3 25. Qe1 Qa8 26. Bd4 Ra1+ 0-1

[Event "Mazowiecki Festiwal Szachowy - gr. B"]
[Site "Warszawa/Fundacja na rzecz Wsp"]
[Date "2008.08.03"]
[Round "3.31"]
[White "Czarnecki, Wojciech"]
[Black "Warszawski, Bartosz"]
[Result "1/2-1/2"]
[WhiteElo "2056"]
[BlackElo "2277"]
[PlyCount "67"]
[EventDate "2008.08.03"]

1. d4 d5 2. c4 e6 3. Nc3 c5 4. cxd5 exd5 5. Nf3 Nc6 6. g3 Nf6 7. Bg2 Be7 8. O-O
O-O 9. Bg5 cxd4 10. Nxd4 h6 11. Be3 Re8 12. Rc1 Bg4 13. h3 Be6 14. Nxc6 bxc6
15. Na4 Qc8 16. Kh2 Qa6 17. a3 Bf5 18. Nc5 Qb5 19. Bd4 Bd6 20. Bf3 Ne4 21. Nxe4
dxe4 22. Bg2 c5 23. Be3 Red8 24. Qc2 Rab8 25. Bxc5 Qxb2 26. Qxb2 Rxb2 27. Rfd1
Bc7 28. Rxd8+ Bxd8 29. Bxa7 Rxe2 30. Rc5 g6 31. Re5 Bf6 32. Re8+ Kg7 33. Be3
Ra2 34. Bxe4 1/2-1/2

[Event "Mazowiecki Festiwal Szachowy - gr. B"]
[Site "Warszawa/Fundacja na rzecz Wsp"]
[Date "2008.08.03"]
[Round "3.33"]
[White "Lach, Piotr"]
[Black "Bartel, Michal"]
[Result "1/2-1/2"]
[WhiteElo "2048"]
[BlackElo "2266"]
[PlyCount "38"]
[EventDate "2008.08.03"]

1. Nf3 Nf6 2. g3 c5 3. Bg2 d6 4. d4 cxd4 5. Nxd4 a6 6. O-O Qc7 7. Nc3 e6 8. a4
Be7 9. a5 O-O 10. Nb3 Nc6 11. e4 Bd7 12. Be3 Ne5 13. Bb6 Qc8 14. Nd2 Bd8 15.
Bxd8 Rxd8 16. Qe2 Qc5 17. Rfd1 Bc6 18. Nb3 Qa7 19. Rd4 Rac8 1/2-1/2

[Event "Mazowiecki Festiwal Szachowy - gr. B"]
[Site "Warszawa/Fundacja na rzecz Wsp"]
[Date "2008.08.03"]
[Round "3.34"]
[White "Jedryczka, Krystian"]
[Black "Krasiewicz, Robert"]
[Result "1-0"]
[WhiteElo "2265"]
[BlackElo "2136"]
[PlyCount "81"]
[EventDate "2008.08.03"]

1. e4 d5 2. exd5 Qxd5 3. Nc3 Qd6 4. g3 Nf6 5. Bg2 c6 6. d4 Bg4 7. Nge2 Nbd7 8.
Bf4 e5 9. dxe5 Nxe5 10. Qxd6 Bxd6 11. O-O-O Bb8 12. h3 Bxe2 13. Nxe2 O-O 14.
Rhe1 h6 15. Kb1 Ng6 16. Be3 Re8 17. Nd4 Bc7 18. Nb3 Bb6 19. Bc5 Rxe1 20. Rxe1
Nd7 21. Bxb6 axb6 22. h4 Kf8 23. Nd4 Ne7 24. c4 Nc5 25. Rd1 Ke8 26. b4 Nd7 27.
b5 Ne5 28. Re1 c5 29. Bxb7 Ra7 30. Nc6 Rxb7 31. Rxe5 Kf8 32. Rxe7 Rxe7 33. Nxe7
Kxe7 34. h5 Kd6 35. Kc2 Ke5 36. Kd3 g5 37. hxg6 fxg6 38. f4+ Kf5 39. a4 Ke6 40.
Ke4 h5 41. Kf3 1-0

[Event "Mazowiecki Festiwal Szachowy - gr. B"]
[Site "Warszawa/Fundacja na rzecz Wsp"]
[Date "2008.08.03"]
[Round "3.36"]
[White "Zapolski, Krzysztof"]
[Black "Plichta, Kamil"]
[Result "1-0"]
[WhiteElo "2257"]
[BlackElo "2014"]
[PlyCount "91"]
[EventDate "2008.08.03"]

1. Nf3 Nf6 2. d4 g6 3. c4 Bg7 4. Nc3 d6 5. g3 O-O 6. Bg2 Nc6 7. O-O Bf5 8. d5
Na5 9. Nd2 c6 10. e4 Bg4 11. f3 Bd7 12. dxc6 bxc6 13. Qc2 Rc8 14. Kh1 d5 15. b4
Nxc4 16. Nxc4 dxc4 17. Be3 Be6 18. Rad1 Qc7 19. Na4 Nd7 20. f4 f5 21. exf5 Rxf5
22. Nc5 Nxc5 23. Bxc5 Bd5 24. Rfe1 e5 25. Bxd5+ cxd5 26. Rxd5 Qf7 27. Red1 Qb7
28. Kg1 Qa6 29. Rd6 Qb5 30. Rd8+ Rxd8 31. Rxd8+ Bf8 32. a4 Qa6 33. fxe5 Qe6 34.
Rxf8+ Rxf8 35. Bxf8 Kxf8 36. Qf2+ Qf7 37. e6 Qf5 38. Qxf5+ gxf5 39. Kf2 Ke7 40.
Ke3 c3 41. Kd3 c2 42. Kxc2 Kxe6 43. Kd3 Kd5 44. Kc3 h5 45. Kd3 a6 46. b5 1-0

[Event "Mazowiecki Festiwal Szachowy - gr. B"]
[Site "Warszawa/Fundacja na rzecz Wsp"]
[Date "2008.08.03"]
[Round "3.40"]
[White "Demidowicz, Maria"]
[Black "Paprocki, Jaroslaw"]
[Result "0-1"]
[WhiteElo "2032"]
[BlackElo "2218"]
[PlyCount "88"]
[EventDate "2008.08.03"]

1. e4 e5 2. Nf3 Nc6 3. Bb5 Nf6 4. O-O Bc5 5. c3 O-O 6. d4 Bb6 7. Bg5 h6 8. Bh4
d6 9. Qd3 Qe7 10. Nbd2 Nb8 11. Rfe1 c6 12. Ba4 Nbd7 13. Nc4 Bc7 14. Ne3 Re8 15.
Nf5 Qf8 16. Bc2 Nh5 17. Nd2 Nf4 18. Qf3 g6 19. Ne3 Qg7 20. Kh1 a6 21. Rad1 b5
22. Ndf1 Nb6 23. Ng3 Bd7 24. Ne2 g5 25. dxe5 dxe5 26. Rxd7 Nxd7 27. Nf5 Qf6 28.
Bg3 Nxe2 29. Qxe2 Nc5 30. h4 Ne6 31. Bb3 Ng7 32. Ne3 gxh4 33. Ng4 Qg5 34. Bh2
h5 35. Ne3 Bb6 36. Qf3 Ra7 37. Nf5 Nxf5 38. exf5 e4 39. Rxe4 Rxe4 40. Qxe4 Re7
41. Qxc6 Re1+ 42. Bg1 Bxf2 43. Bxf7+ Kg7 44. f6+ Kh6 0-1

[Event "Mazowiecki Festiwal Szachowy - gr. B"]
[Site "Warszawa/Fundacja na rzecz Wsp"]
[Date "2008.08.03"]
[Round "3.43"]
[White "Sosnowska, Elzbieta"]
[Black "Zaninotto, Franco"]
[Result "1/2-1/2"]
[WhiteElo "2008"]
[BlackElo "2184"]
[PlyCount "54"]
[EventDate "2008.08.03"]

1. e4 c5 2. Nf3 g6 3. d4 Bg7 4. c4 Qb6 5. dxc5 Qxc5 6. Qb3 Nf6 7. Bd3 d6 8. O-O
Nc6 9. Be3 Qb4 10. Nc3 O-O 11. h3 Nd7 12. Rfd1 Nc5 13. Bxc5 dxc5 14. Rab1 Qxb3
15. axb3 Rd8 16. Bc2 Be6 17. Nd5 Bxd5 18. exd5 Nd4 19. Nxd4 Bxd4 20. Re1 Re8
21. Kf1 e5 22. dxe6 fxe6 23. Be4 Re7 24. Re2 e5 25. Ra1 a5 26. Ke1 Ra7 27. Kd1
b6 1/2-1/2

[Event "Mazowiecki Festiwal Szachowy - gr. B"]
[Site "Warszawa/Fundacja na rzecz Wsp"]
[Date "2008.08.03"]
[Round "3.50"]
[White "Wypych, Dominik"]
[Black "Parczewski, Janusz"]
[Result "1-0"]
[WhiteElo "2085"]
[BlackElo "2031"]
[PlyCount "79"]
[EventDate "2008.08.03"]

1. d4 e6 2. c4 d5 3. Nd2 Nf6 4. Ngf3 c5 5. e3 Nc6 6. dxc5 Bxc5 7. Qc2 Qc7 8. a3
Be7 9. b4 dxc4 10. Qxc4 Qb6 11. Bb2 Bd7 12. Rc1 O-O 13. Bd3 Rac8 14. Qh4 h6 15.
O-O Nd5 16. Qg3 Bf6 17. Nc4 Qd8 18. Nce5 Nxe5 19. Nxe5 Rxc1 20. Rxc1 Ba4 21.
Ng4 Kh8 22. Nxf6 Nxf6 23. Bf1 Qd2 24. Qe5 Rd8 25. h3 Rd5 26. Qc3 Qxc3 27. Bxc3
Ne4 28. Bd4 b6 29. Rc8+ Kh7 30. Bd3 f5 31. f3 Nd6 32. Rd8 e5 33. Bxf5+ Nxf5 34.
Rxd5 exd4 35. Rxf5 d3 36. Rd5 Bc2 37. Kf2 Kg6 38. Ke1 Kf6 39. Kd2 Ke6 40. Rxd3
1-0

[Event "Mazowiecki Festiwal Szachowy - gr. B"]
[Site "Warszawa/Fundacja na rzecz Wsp"]
[Date "2008.08.04"]
[Round "3.51"]
[White "Marwan, Abdulwahab"]
[Black "Zakhartsov, Vladimir"]
[Result "1-0"]
[WhiteElo "2078"]
[BlackElo "2023"]
[PlyCount "99"]
[EventDate "2008.08.04"]

1. e4 c5 2. Nf3 d6 3. d4 cxd4 4. Nxd4 Nf6 5. Nc3 Nc6 6. f3 g6 7. Be3 Bg7 8. Qd2
O-O 9. Bc4 Bd7 10. O-O-O Rc8 11. Bb3 Ne5 12. Kb1 Re8 13. g4 b5 14. h4 h5 15.
Rdg1 a5 16. gxh5 Nxh5 17. Ncxb5 Bxb5 18. Nxb5 a4 19. Bxa4 Nxf3 20. Qf2 Nxg1 21.
Rxg1 Rf8 22. Bb3 e6 23. Bg5 Qa5 24. a4 Qa6 25. Be7 Rfe8 26. Bxd6 Qc6 27. Qe2
Rcd8 28. e5 Rd7 29. Qe3 Kh7 30. c3 Bh6 31. Qd4 Qf3 32. Bd1 Qf5+ 33. Bc2 Qf3 34.
Be4 Qe2 35. Bc6 Red8 36. Rg2 Qf1+ 37. Ka2 Qe1 38. Rg4 Qe2 39. Qc4 Qd1 40. Rd4
Qe1 41. Bxd7 Rxd7 42. Qc8 Be3 43. Qxd7 Kg7 44. Nc7 Kg8 45. Rb4 Nf4 46. Rb8+ Kg7
47. Bf8+ Kg8 48. Bh6+ Kh7 49. Qxf7+ Kxh6 50. Rh8# 1-0

[Event "Mazowiecki Festiwal Szachowy - gr. B"]
[Site "Warszawa/Fundacja na rzecz Wsp"]
[Date "2008.08.03"]
[Round "3.53"]
[White "Solnicki, Michal"]
[Black "Bielecki, Pawel"]
[Result "1-0"]
[WhiteElo "2010"]
[BlackElo "2063"]
[PlyCount "69"]
[EventDate "2008.08.03"]

1. d4 Nf6 2. Nf3 g6 3. c4 Bg7 4. Nc3 d6 5. Bg5 O-O 6. e3 c5 7. Be2 h6 8. Bh4
Qa5 9. O-O Re8 10. d5 Nbd7 11. Qc2 a6 12. a4 Ng4 13. h3 Nge5 14. Nxe5 Nxe5 15.
f4 Nd7 16. Rae1 Nb6 17. Ra1 Bd7 18. Be1 Nc8 19. Bd3 Na7 20. f5 gxf5 21. Bxf5
Bxf5 22. Qxf5 Rf8 23. Ne4 Qb6 24. Bc3 Qb3 25. Rf3 f6 26. Rg3 Rf7 27. Rf1 Raf8
28. Rf4 Qd1+ 29. Kh2 b5 30. Rh4 Kh8 31. Qg6 h5 32. Rxh5+ Qxh5 33. Qxh5+ Kg8 34.
Qg6 bxc4 35. Bxf6 1-0

[Event "Mazowiecki Festiwal Szachowy - gr. B"]
[Site "Warszawa/Fundacja na rzecz Wsp"]
[Date "2008.08.03"]
[Round "3.54"]
[White "Pozzo, Sebastian C"]
[Black "Sanetra, Szymon"]
[Result "1/2-1/2"]
[WhiteElo "1980"]
[BlackElo "2050"]
[PlyCount "60"]
[EventDate "2008.08.03"]

1. e4 c6 2. d4 d5 3. exd5 cxd5 4. c4 Nf6 5. Nc3 e6 6. Bg5 Be7 7. Nf3 O-O 8. Bd3
dxc4 9. Bxc4 a6 10. O-O b5 11. Bb3 Nc6 12. d5 Nxd5 13. Bxd5 exd5 14. Qxd5 Qxd5
15. Nxd5 Bxg5 16. Nxg5 h6 17. Nb6 Rb8 18. Nxc8 Rfxc8 19. Ne4 Ne5 20. b4 Rc4 21.
Nc5 a5 22. a3 Ra8 23. Rfe1 f6 24. Rab1 axb4 25. axb4 Ra2 26. Rec1 Rxc1+ 27.
Rxc1 Rb2 28. f4 Nc4 29. Na6 Kf7 30. Re1 g6 1/2-1/2

[Event "Mazowiecki Festiwal Szachowy - gr. B"]
[Site "Warszawa/Fundacja na rzecz Wsp"]
[Date "2008.08.03"]
[Round "3.37"]
[White "Wierzbicka, Wiktoria"]
[Black "Jaroch, Pawel"]
[Result "1-0"]
[WhiteElo "2033"]
[BlackElo "2255"]
[PlyCount "101"]
[EventDate "2008.??.??"]

1. e4 g6 2. d4 Bg7 3. Nc3 c6 4. f4 d5 5. e5 h5 6. Nf3 Nh6 7. Be3 Bg4 8. Be2 Nf5
9. Bf2 e6 10. Qd2 Nd7 11. O-O-O b5 12. h3 Bxf3 13. Bxf3 h4 14. Ne2 Nb6 15. g4
hxg3 16. Nxg3 Nc4 17. Qd3 Qa5 18. Nxf5 gxf5 19. Kb1 Bh6 20. Bg3 Qb4 21. b3 Rb8
22. Ka1 Na3 23. Be1 Qxd4+ 24. Qxd4 Nxc2+ 25. Kb1 Nxd4 26. Rxd4 c5 27. Rd2 Bxf4
28. Re2 Ke7 29. h4 f6 30. exf6+ Kxf6 31. h5 d4 32. Bh4+ Kf7 33. Rhe1 Rb6 34.
Bd5 Be3 35. Bf3 f4 36. Rg2 d3 37. Rg6 c4 38. Rf6+ Ke8 39. Be4 Rxh5 40. Bg6+ Kd7
41. Bxh5 c3 42. Rf7+ Kc8 43. Bd1 b4 44. Bf6 Rc6 45. Bc2 dxc2+ 46. Kxc2 Rd6 47.
Rd1 Bd2 48. Rh1 Rd7 49. Rh8+ Kc7 50. Be5+ Kc6 51. Rc8+ 1-0

[Event "Mazowiecki Festiwal Szachowy - gr. B"]
[Site "Warszawa/Fundacja na rzecz Wsp"]
[Date "2008.08.04"]
[Round "3.39"]
[White "Vovk, Yuri"]
[Black "Bursa, Renata"]
[Result "1-0"]
[WhiteElo "2549"]
[BlackElo "2065"]
[PlyCount "69"]
[EventDate "2008.08.04"]

1. e4 c5 2. Nc3 d6 3. f4 Nc6 4. Nf3 g6 5. Bb5 Bg7 6. Bxc6+ bxc6 7. d3 Nf6 8.
O-O O-O 9. Qe1 d5 10. e5 Ne8 11. Na4 c4 12. dxc4 Ba6 13. Nc5 Bxc4 14. Rf2 d4
15. Qb4 Bd5 16. Nxd4 Rb8 17. Qa4 Nc7 18. c4 Bxg2 19. Be3 Bh3 20. Nxc6 Qe8 21.
Nxb8 Qxb8 22. Nd7 Qe8 23. Rd1 f6 24. Qc6 Ne6 25. f5 Nd8 26. Qc8 gxf5 27. Nxf8
Qh5 28. Rd4 fxe5 29. Qxd8 Bxf8 30. Qd5+ Kh8 31. Qxe5+ Kg8 32. Qe6+ Kh8 33. Rg2
Bxg2 34. Rd8 Kg7 35. Bd4# 1-0

[Event "Mazowiecki Festiwal Szachowy - gr. B"]
[Site "Warszawa/Fundacja na rzecz Wsp"]
[Date "2008.08.04"]
[Round "3.30"]
[White "Tvarijonas, Povilas"]
[Black "Jaroch, Karol"]
[Result "1-0"]
[WhiteElo "2285"]
[BlackElo "2158"]
[PlyCount "77"]
[EventDate "2008.08.04"]

1. e4 e6 2. d4 d5 3. exd5 exd5 4. Bd3 Nc6 5. c3 Bd6 6. Qf3 Nf6 7. h3 Qe7+ 8.
Ne2 Ne4 9. Bf4 Bxf4 10. Qxf4 O-O 11. Nd2 f5 12. O-O-O g5 13. Qf3 Qd6 14. Bc2
Ne7 15. Qe3 Qh6 16. f4 Qa6 17. Bb3 Qf6 18. Nxe4 fxe4 19. Qxe4 Be6 20. Qf3 gxf4
21. Rde1 Qg5 22. Rhf1 Ng6 23. Kb1 Nh4 24. Qf2 Nxg2 25. Rg1 f3 26. Ka1 Kh8 27.
Nc1 Bg8 28. Re5 Qh4 29. Qf1 Qxh3 30. Rh1 Qg4 31. Nd3 c6 32. Bc2 Rae8 33. Bb1
Rxe5 34. Nxe5 Qg3 35. Ng6+ Kg7 36. Nxf8 Kxf8 37. Bd3 h5 38. Be2 f2 39. Rg1 1-0

[Event "Mazowiecki Festiwal Szachowy - gr. B"]
[Site "Warszawa/Fundacja na rzecz Wsp"]
[Date "2008.08.04"]
[Round "3.16"]
[White "Szymanski, Marcin"]
[Black "Chrzaszcz, Malvina"]
[Result "1-0"]
[WhiteElo "2412"]
[BlackElo "1986"]
[PlyCount "67"]
[EventDate "2008.08.04"]

1. d4 Nf6 2. c4 e6 3. Nf3 b6 4. a3 Bb7 5. Nc3 d5 6. cxd5 Nxd5 7. Qc2 Nxc3 8.
bxc3 c5 9. e4 Nd7 10. Bd3 Rc8 11. Qe2 Nf6 12. Bb5+ Ke7 13. d5 a6 14. d6+ Kxd6
15. e5+ Kc7 16. exf6 Qxf6 17. Rb1 Bxf3 18. gxf3 axb5 19. Qxb5 Qxc3+ 20. Ke2
Qe5+ 21. Be3 Rb8 22. a4 Qd5 23. Rhd1 Bd6 24. Rxd5 exd5 25. a5 bxa5 26. Qxa5+
Kc6 27. Qa6+ Kd7 28. Qa4+ Ke6 29. Qg4+ f5 30. Rxb8 Rxb8 31. Qxg7 d4 32. Bg5
Rb2+ 33. Kf1 Bxh2 34. Qh6+ 1-0

[Event "Mazowiecki Festiwal Szachowy - gr. B"]
[Site "Warszawa/Fundacja na rzecz Wsp"]
[Date "2008.08.03"]
[Round "3.14"]
[White "Onischuk, Vladimir"]
[Black "Dragun, Kamil"]
[Result "1-0"]
[WhiteElo "2506"]
[BlackElo "2240"]
[PlyCount "77"]
[EventDate "2008.??.??"]

1. e4 c5 2. Nf3 d6 3. d4 cxd4 4. Nxd4 Nf6 5. Nc3 Nc6 6. Be2 g6 7. O-O Bg7 8.
Nb3 O-O 9. Re1 Be6 10. Bf1 Rc8 11. Nd5 Bxd5 12. exd5 Ne5 13. a4 Re8 14. a5 a6
15. c3 Qd7 16. h3 Rc7 17. f4 Nc4 18. Kh2 Rec8 19. Qf3 Qb5 20. Nd4 Qxd5 21. b3
Nxa5 22. Qxd5 Nxd5 23. Rxa5 Bxd4 24. Rxd5 Bxc3 25. Red1 Bf6 26. Bd2 Rc2 27. b4
Bc3 28. Bxc3 R8xc3 29. b5 a5 30. b6 Rb2 31. Re1 Rxb6 32. Rxe7 a4 33. Ra5 Rb1
34. Be2 a3 35. Bf3 Kf8 36. Rd7 Ke8 37. Bg4 Kf8 38. Ra8+ Kg7 39. Be6 1-0

[Event "Mazowiecki Festiwal Szachowy - gr. B"]
[Site "Warszawa/Fundacja na rzecz Wsp"]
[Date "2008.08.03"]
[Round "3.47"]
[White "Leszner, Liliana"]
[Black "Jaskowski, Tadeusz"]
[Result "1-0"]
[WhiteElo "2140"]
[BlackElo "2040"]
[PlyCount "87"]
[EventDate "2008.??.??"]

1. e4 e5 2. Bc4 Nc6 3. Nf3 Be7 4. O-O Nf6 5. d3 O-O 6. c3 d6 7. a4 a5 8. Qb3
Nd7 9. Be3 Nc5 10. Qc2 Bg4 11. Nbd2 Bh5 12. Bd5 Ne6 13. Qb3 Qc8 14. Rfc1 Ncd8
15. d4 Nf4 16. Bxf4 exf4 17. e5 c6 18. exd6 Bxd6 19. Be4 Kh8 20. Nc4 Bc7 21.
Qa3 Kg8 22. Bxh7+ Kxh7 23. Qxf8 Bxf3 24. gxf3 Qh3 25. Qe7 Ne6 26. Re1 Bd8 27.
Qxb7 Bh4 28. Qxc6 Ng5 29. Nd2 Bxf2+ 30. Kxf2 Qxh2+ 31. Kf1 Nh3 32. Ne4 Rb8 33.
b4 f5 34. Rac1 Kh8 35. Qg6 Qh1+ 36. Ke2 Qh2+ 37. Kd3 fxe4+ 38. Kxe4 Rd8 39. Ke5
Qa2 40. Qh5+ Kg8 41. Qxh3 Kf7 42. Ke4 g5 43. Kd3 axb4 44. Qe6+ 1-0

[Event "Mazowiecki Festiwal Szachowy - gr. B"]
[Site "Warszawa/Fundacja na rzecz Wsp"]
[Date "2008.08.03"]
[Round "3.38"]
[White "Kukawski, Maciej"]
[Black "Wisniowska, Klaudia"]
[Result "1-0"]
[WhiteElo "2253"]
[BlackElo "1905"]
[PlyCount "93"]
[EventDate "2008.??.??"]

1. e4 c5 2. c3 d5 3. exd5 Qxd5 4. d4 e6 5. Nf3 Nf6 6. Na3 Qd8 7. Nc2 Nbd7 8.
Bd3 Be7 9. Qe2 O-O 10. Bg5 b6 11. O-O-O Bb7 12. Kb1 Nd5 13. h4 Re8 14. dxc5 Qc7
15. c4 N5f6 16. cxb6 axb6 17. Bxf6 Nxf6 18. Rhg1 Qc6 19. a3 Bc5 20. Ne5 Qa4 21.
g4 g6 22. g5 Nh5 23. Ng4 Qc6 24. Qe5 Bf8 25. Nh6+ Bxh6 26. gxh6 Qc5 27. Rg5
Qxe5 28. Rxe5 Bf3 29. Rde1 Rad8 30. R1e3 Bc6 31. Be4 Rd1+ 32. Ka2 Bd7 33. Bf3
Rc1 34. Rd3 Bc8 35. Rd2 Ba6 36. b3 f6 37. Re1 Rxe1 38. Nxe1 e5 39. Bxh5 gxh5
40. Rd6 Kf7 41. Rxb6 Bc8 42. Kb2 e4 43. Ng2 Bh3 44. Nf4 e3 45. Rb7+ Kg8 46.
fxe3 Rxe3 47. Nxh5 1-0

[Event "Mazowiecki Festiwal Szachowy - gr. B"]
[Site "Warszawa/Fundacja na rzecz Wsp"]
[Date "2008.08.03"]
[Round "3.23"]
[White "Deszczynski, Adam"]
[Black "Olejarczyk, Bogdan"]
[Result "1-0"]
[WhiteElo "2357"]
[BlackElo "2211"]
[PlyCount "141"]
[EventDate "2008.??.??"]

1. e4 c5 2. Nf3 d6 3. d4 cxd4 4. Qxd4 Nc6 5. Bb5 Bd7 6. Bxc6 Bxc6 7. c4 Nf6 8.
Nc3 g6 9. O-O Bg7 10. Qd3 O-O 11. Nd4 Ng4 12. Nc2 Rc8 13. Ne3 Ne5 14. Qe2 Bd7
15. Bd2 f5 16. exf5 gxf5 17. f4 Nc6 18. b3 e6 19. Rad1 Nd4 20. Qd3 Bc6 21. Be1
Qf6 22. Ne2 Nxe2+ 23. Qxe2 Rcd8 24. Bb4 e5 25. Nd5 Qe6 26. a4 Rf7 27. Qf2 b6
28. Rfe1 e4 29. Qe3 h5 30. Rd2 Qg6 31. Red1 Kh7 32. Qh3 Bf8 33. Ne3 Kg8 34. Bc3
Bg7 35. Bxg7 Kxg7 36. Qg3 Rf6 37. Qxg6+ Kxg6 38. Kf2 Kf7 39. Kg3 Ke6 40. Kh4
Rf7 41. g3 Rfd7 42. Nc2 Bb7 43. a5 bxa5 44. Nd4+ Kf6 45. Ra2 d5 46. c5 Ba6 47.
Rxa5 Bd3 48. b4 Rg8 49. b5 Rg4+ 50. Kh3 h4 51. Ra6+ Kf7 52. Nxf5 Rg6 53. Rxg6
Kxg6 54. Nd4 hxg3 55. hxg3 Bc4 56. Kg2 Rh7 57. c6 Kf6 58. Ra1 Re7 59. Ra6 Kf7
60. Nf5 Rc7 61. Nd6+ Ke6 62. Nxc4 dxc4 63. Kf2 Kd5 64. Ke3 Kc5 65. g4 Kxb5 66.
Ra1 a5 67. f5 Rxc6 68. g5 c3 69. f6 Kb4 70. f7 Rc8 71. g6 1-0